Okresy a jejich SPZ v České republice - Statistics

General Stats
  • This quiz has been taken 380 times
  • The average score is 50 of 78
Answer Stats
Hint Answer % Correct
BN Benešov
86%
ZL (od roku 1990) Zlín
83%
HK, HR Hradec Králové
82%
OS, OT, OV Ostrava
82%
BE Beroun
81%
OC, OL, OM Olomouc
81%
OP Opava
80%
JI Jihlava
79%
LB, LI Liberec
79%
A Praha (hlavní město)
79%
BM, BS, BZ Brno-město
78%
CB, CE České Budějovice
78%
PA, PU Pardubice
78%
MB Mladá Boleslav
76%
FI, FM Frýdek-Místek
75%
KR, KV Karlovy Vary
75%
KD, KL Kladno
75%
UH Uherské Hradiště
74%
UL, US Ústí nad Labem
74%
DO Domažlice
72%
RA Rakovník
72%
GT, GV (do roku 1990) Gottwaldov
71%
VY Vyškov
70%
ZN Znojmo
70%
JH Jindřichův Hradec
69%
KH Kutná Hora
69%
LT Litoměřice
69%
KT Klatovy
68%
ME Mělník
68%
NJ Nový Jičín
68%
PE Pelhřimov
68%
CK Český Krumlov
67%
DC Děčín
67%
HO Hodonín
67%
JC Jičín
66%
PM, PN Plzeň-město
65%
UO Ústí nad Orlicí
65%
HB Havlíčkův Brod
64%
NA Náchod
64%
PI Písek
64%
TU Trutnov
63%
MO Most
62%
TP Teplice
62%
KO Kolín
61%
RO Rokycany
61%
TA Tábor
61%
VS Vsetín
61%
KA, KI Karviná
60%
CL Česká Lípa
58%
LN Louny
57%
PJ Plzeň-jih
57%
CH Cheb
56%
NB Nymburk
56%
PS Plzeň-sever
56%
SY Svitavy
55%
ZR Žďár nad Sázavou
55%
KM Kroměříž
54%
ST Strakonice
54%
BK Blansko
53%
BV Břeclav
53%
BR Bruntál
53%
SM Semily
53%
SO Sokolov
53%
JE (od roku 1996) Jeseník
52%
TC Tachov
52%
CR Chrudim
51%
PB Příbram
51%
TR Třebíč
51%
PC, PZ Praha-západ
50%
PR Přerov
50%
SU Šumperk
50%
PH, PY Praha-východ
49%
PV Prostějov
48%
BI, BO Brno-venkov
47%
CV Chomutov
47%
JN Jablonec nad Nisou
47%
RK Rychnov nad Kněžnou
47%
PT Prachatice
46%
No matching quizzes found
Score Distribution
Percent of People with Each Score
Percentile by Number Answered
Your Score History
You have not taken this quiz